[Event "CRO-chT2 West"]
[Site "Croatia"]
[Date "2014.11.16"]
[Round "8.34"]
[White "Sercer, Zoran"]
[Black "Zezelj, Milan"]
[Result "1-0"]
[WhiteElo "2056"]
[BlackElo "2022"]
[PlyCount "99"]
[EventDate "2014.03.15"]
[EventType "team-tourn"]
[EventRounds "9"]
[EventCountry "CRO"]
[SourceTitle "EXT 2019"]
[Source "ChessBase"]
[SourceDate "2018.10.10"]
[SourceVersion "1"]
[SourceVersionDate "2018.10.10"]
[SourceQuality "1"]
[WhiteTeam "Delnice"]
[BlackTeam "Rijeka CC II"]
[WhiteTeamCountry "CRO"]
[BlackTeamCountry "CRO"]

1. e4 Nc6 2. d4 e5 3. Nf3 exd4 4. Nxd4 Nf6 5. Nc3 Bb4 6. Nxc6 bxc6 7. Bd3 d5 8. exd5 cxd5 9. 0-0 0-0 10. Bg5 c6 11. Qf3 h6 12. Bxf6 Qxf6 13. Qxf6 gxf6 14. Ne2 Bd6 15. Ng3 Rb8 16. Rab1 Be6 17. c3 c5 18. f4 c4 19. Bc2 Bc5+ 20. Kh1 Rb6 21. f5 Bd7 22. Rfd1 Bc6 23. Nh5 Bb7 24. b3 Re8 25. bxc4 Re2 26. Rxb6 axb6 27. Bd3 Rxa2 28. cxd5 Be7 29. c4 b5 30. Bf1 bxc4 31. Bxc4 Rf2 32. Ng3 h5 33. Nxh5 Rxf5 34. Ng3 Rf2 35. Bf1 f5 36. Bc4 Kg7 37. Rb1 Rc2 38. Bd3 Rd2 39. Nxf5+ Kf6 40. Nxe7 Rxd3 41. Rb6+ Kxe7 42. Rxb7+ Kd6 43. h3 f5 44. Rb5 f4 45. Kg1 Rd2 46. h4 Ke5 47. h5 Kf6 48. h6 Kg6 49. Rb6+ Kh7 50. Rd6 1-0

[Event "CRO-chT2 West"]
[Site "Croatia"]
[Date "2014.11.15"]
[Round "7.44"]
[White "Crnkovic, Zdravko"]
[Black "Sercer, Zoran"]
[Result "1/2-1/2"]
[WhiteElo "2013"]
[BlackElo "2056"]
[PlyCount "108"]
[EventDate "2014.03.15"]
[EventType "team-tourn"]
[EventRounds "9"]
[EventCountry "CRO"]
[SourceTitle "EXT 2019"]
[Source "ChessBase"]
[SourceDate "2018.10.10"]
[SourceVersion "1"]
[SourceVersionDate "2018.10.10"]
[SourceQuality "1"]
[WhiteTeam "Rovinj Batana"]
[BlackTeam "Delnice"]
[WhiteTeamCountry "CRO"]
[BlackTeamCountry "CRO"]

1. e4 c5 2. f4 Nc6 3. Nf3 e6 4. Be2 d5 5. d3 Nf6 6. Nbd2 Be7 7. c3 0-0 8. e5 Ng4 9. Nf1 f6 10. exf6 Nxf6 11. Ng3 Bd6 12. Bd2 Qc7 13. Qc1 Bd7 14. 0-0 Rae8 15. Ng5 e5 16. f5 h6 17. Nh3 Re7 18. c4 Nd4 19. Bd1 Bc6 20. b4 b6 21. b5 Ba8 22. Ne2 dxc4 23. dxc4 Qb7 24. Rf2 Nxf5 25. Nc3 Nd4 26. Be3 Ref7 27. Bxd4 cxd4 28. Nd5 Nxd5 29. cxd5 Rxf2 30. Nxf2 Qf7 31. Bf3 Bxd5 32. Ne4 Qe6 33. Qc2 Rc8 34. Qe2 Bxe4 35. Bxe4 Rf8 36. Bd3 Kh8 37. Qe4 g6 38. Rf1 Rxf1+ 39. Kxf1 Kg7 40. g4 Be7 41. Kg1 Bg5 42. Bb1 Bh4 43. Kg2 Qf6 44. Qb7+ Qf7 45. Qxf7+ Kxf7 46. Kf3 Bf6 47. Bc2 h5 48. h3 hxg4+ 49. hxg4 g5 50. Ke4 Ke6 51. Bd3 Be7 52. Bc4+ Kd6 53. a3 Bd8 54. Be2 Be7 1/2-1/2

[Event "CRO-chT2 West"]
[Site "Rijeka"]
[Date "2012.04.22"]
[Round "5.52"]
[White "Sercer, Zoran"]
[Black "Zrilic, Bozo"]
[Result "0-1"]
[WhiteElo "2091"]
[BlackElo "1999"]
[PlyCount "68"]
[EventDate "2012.03.17"]
[EventType "team-tourn"]
[EventRounds "9"]
[EventCountry "CRO"]
[SourceTitle "EXT 2013"]
[Source "ChessBase"]
[SourceDate "2012.11.22"]
[SourceVersion "1"]
[SourceVersionDate "2012.11.22"]
[SourceQuality "1"]

1. e4 e6 2. d4 d5 3. Nc3 Nf6 4. e5 Nfd7 5. f4 c5 6. Nf3 Nc6 7. Be3 a6 8. Qd2 Be7 9. a3 0-0 10. Be2 cxd4 11. Nxd4 Nxd4 12. Bxd4 f6 13. Bg4 f5 14. Bf3 Nb6 15. b3 Bd7 16. Qe3 Nc8 17. Nxd5 exd5 18. Bxd5+ Kh8 19. Bxb7 Rb8 20. Bf3 Qa5+ 21. Kf2 Be6 22. c4 Rd8 23. b4 Qc7 24. Be2 a5 25. Rhd1 axb4 26. axb4 Rxb4 27. Bc3 Rxd1 28. Rxd1 Rb3 29. Ba5 Qb7 30. Qd4 Qc6 31. Kf1 Ra3 32. Bd8 Bc5 33. Qb2 Qe4 34. Bg5 h6 0-1

[Event "CRO-chT3 West"]
[Site "Croatia"]
[Date "2011.04.10"]
[Round "6.52"]
[White "Sercer, Zoran"]
[Black "Starcevic, Andrea"]
[Result "1-0"]
[WhiteElo "2099"]
[BlackElo "1793"]
[PlyCount "109"]
[EventDate "2011.03.12"]
[EventType "team-tourn"]
[EventRounds "9"]
[EventCountry "CRO"]
[SourceTitle "EXT 2014"]
[Source "ChessBase"]
[SourceDate "2013.11.20"]
[SourceVersion "1"]
[SourceVersionDate "2013.11.20"]
[SourceQuality "1"]

1. e4 c5 2. c3 d5 3. exd5 Qxd5 4. d4 e6 5. Nf3 Nf6 6. h3 Be7 7. Be3 cxd4 8. cxd4 0-0 9. Nc3 Qa5 10. Bd3 Nc6 11. 0-0 Rd8 12. Qe2 Nb4 13. Bc4 a6 14. a3 Nbd5 15. Bd2 Qc7 16. Nxd5 Nxd5 17. Rac1 Qd6 18. Ba5 Re8 19. Qe5 Nf6 20. Bc7 Qd7 21. Rfe1 b5 22. Ba2 Bb7 23. Ng5 Nd5 24. Ne4 Rec8 25. Bd6 Bf6 26. Nxf6+ Nxf6 27. Bc5 Rc6 28. Rc3 a5 29. Rg3 Ne8 30. Bb1 g6 31. h4 Rcc8 32. h5 Qd5 33. hxg6 hxg6 34. Qf4 Ng7 35. Qh6 Qh5 36. Qf4 b4 37. Rh3 Qd5 38. Be4 Qd7 39. Qh6 f5 40. Bxb7 Qxb7 41. Qxg6 Ra6 42. Rg3 Qd7 43. Qf6 bxa3 44. bxa3 Re8 45. d5 a4 46. Bd4 Re7 47. Rxe6 Raxe6 48. dxe6 Qc7 49. Be5 Qb7 50. Qxf5 Qc8 51. Qf6 Qf8 52. Rxg7+ Qxg7 53. Qxg7+ Rxg7 54. Bxg7 Kxg7 55. f4 1-0

[Event "Mediterranean op-B 4th"]
[Site "Rijeka"]
[Date "2010.11.20"]
[Round "9"]
[White "Sercer, Zoran"]
[Black "Djukic, Sandra"]
[Result "1/2-1/2"]
[WhiteElo "2110"]
[BlackElo "2198"]
[PlyCount "94"]
[EventDate "2010.11.13"]
[EventType "swiss"]
[EventRounds "9"]
[EventCountry "CRO"]
[SourceTitle "EXT 2011"]
[Source "ChessBase"]
[SourceDate "2010.11.26"]
[SourceVersion "1"]
[SourceVersionDate "2010.11.26"]
[SourceQuality "1"]

1. e4 e6 2. d4 d5 3. Nc3 Bb4 4. e5 c5 5. a3 Bxc3+ 6. bxc3 Qc7 7. Qg4 Ne7 8. Qxg7 Rg8 9. Qxh7 cxd4 10. Ne2 Nbc6 11. f4 dxc3 12. Qd3 Bd7 13. Qxc3 Nf5 14. Rb1 0-0-0 15. Rg1 Be8 16. g4 Nh4 17. Rg3 d4 18. Qc4 Rg6 19. g5 Nf5 20. Rgb3 Na5 21. Qxc7+ Kxc7 22. Rd3 Bc6 23. Bh3 Be4 24. Bxf5 exf5 25. Rxd4 Rh8 26. Rb5 Nc6 27. Rd6 Bxc2 28. Rbd5 Rxd6 29. Rxd6 Rxh2 30. Rf6 Bb3 31. Be3 Bc4 32. Ng1 a6 33. Bf2 Ne7 34. Bb6+ Kc8 35. Rd6 Rh8 36. a4 Nd5 37. Rh6 Re8 38. Nh3 Nxb6 39. Rxb6 Re6 40. Rxe6 Bxe6 41. Kd2 a5 42. Kc3 Kd7 43. Ng1 Kc6 44. Nf3 Kd5 45. Nd4 Bd7 46. Nb5 Bxb5 47. axb5 b6 1/2-1/2

[Event "CRO-chT3 West"]
[Site "Croatia"]
[Date "2010.03.27"]
[Round "1.12"]
[White "Sercer, Zoran"]
[Black "Levar, Nenad"]
[Result "1-0"]
[WhiteElo "2101"]
[BlackElo "2135"]
[PlyCount "95"]
[EventDate "2010.03.27"]
[EventType "team-tourn"]
[EventRounds "9"]
[EventCountry "CRO"]
[SourceTitle "EXT 2012"]
[Source "ChessBase"]
[SourceDate "2011.11.24"]
[SourceVersion "1"]
[SourceVersionDate "2011.11.24"]
[SourceQuality "1"]

1. e4 c5 2. c3 Nf6 3. e5 Nd5 4. d4 cxd4 5. Nf3 e6 6. cxd4 Be7 7. Bc4 d6 8. 0-0 Nc6 9. Qe2 0-0 10. Qe4 dxe5 11. dxe5 Nb6 12. Bd3 g6 13. Bh6 Re8 14. Nbd2 Qd5 15. Rfe1 Bd7 16. Rad1 Nb4 17. Bb1 Bc6 18. Qg4 Rad8 19. h4 Bb5 20. Be4 Qxa2 21. Ra1 Qxb2 22. Rab1 f5 23. exf6 Qxf6 24. Bg5 Qg7 25. Bxe7 Qxe7 26. Bxg6 hxg6 27. Rxb4 Bd3 28. Ne4 Qg7 29. Nfg5 Qe5 30. h5 Rd7 31. Nf3 Qg7 32. h6 Qe7 33. Ne5 Bxe4 34. Rbxe4 Rc7 35. Nxg6 Qf6 36. Nf4+ Kh7 37. Rxe6 Rxe6 38. Nxe6 Re7 39. Qe4+ Kh8 40. g4 Nd7 41. g5 Qc3 42. g6 Nf6 43. g7+ Kg8 44. h7+ Nxh7 45. Re3 Qa1+ 46. Kg2 Ng5 47. Qh4 Rxg7 48. Nxg7 1-0

[Event "Mediterranean op 3rd"]
[Site "Rijeka"]
[Date "2009.12.04"]
[Round "8"]
[White "Franciskovic, Borka"]
[Black "Sercer, Zoran"]
[Result "1-0"]
[WhiteElo "2215"]
[BlackElo "2116"]
[PlyCount "103"]
[EventDate "2009.11.27"]
[EventType "swiss"]
[EventRounds "9"]
[EventCountry "CRO"]
[SourceTitle "CBM 133 Extra"]
[Source "ChessBase"]
[SourceDate "2010.01.05"]
[SourceVersion "1"]
[SourceVersionDate "2010.01.05"]
[SourceQuality "1"]

1. Nf3 d5 2. g3 e6 3. Bg2 Nf6 4. 0-0 c5 5. d4 Nc6 6. c4 cxd4 7. Nxd4 Be7 8. cxd5 exd5 9. Nc3 h6 10. b3 Bc5 11. Nxc6 bxc6 12. Na4 Be7 13. Bb2 0-0 14. Rc1 Bd7 15. Qc2 Re8 16. Rfe1 Bb4 17. Bc3 Bxc3 18. Qxc3 Qe7 19. e3 Rac8 20. Qc5 Bf5 21. Qxe7 Rxe7 22. Rc5 Nd7 23. Ra5 Ne5 24. Rd1 Bg4 25. Rd2 g5 26. Nc5 Bf3 27. Nd3 Bxg2 28. Kxg2 f6 29. h3 Kf7 30. Ra6 Nxd3 31. Rxd3 Rd7 32. b4 Ke7 33. Rc3 Rdc7 34. Rc5 Kd6 35. Rca5 Rb8 36. a3 Rbb7 37. b5 Rb6 38. bxc6 Rxa6 39. Rxa6 h5 40. Kf3 f5 41. h4 gxh4 42. gxh4 Ke5 43. Ke2 f4 44. exf4+ Kxf4 45. Kd3 Ke5 46. f4+ Kd6 47. Kd4 Rxc6 48. Rxc6+ Kxc6 49. Ke5 Kc5 50. f5 d4 51. f6 d3 52. f7 1-0

[Event "Mediterranean op 3rd"]
[Site "Rijeka"]
[Date "2009.12.02"]
[Round "6"]
[White "Hamzic, Abid"]
[Black "Sercer, Zoran"]
[Result "0-1"]
[WhiteElo "1843"]
[BlackElo "2116"]
[PlyCount "102"]
[EventDate "2009.11.27"]
[EventType "swiss"]
[EventRounds "9"]
[EventCountry "CRO"]
[SourceTitle "CBM 133 Extra"]
[Source "ChessBase"]
[SourceDate "2010.01.05"]
[SourceVersion "1"]
[SourceVersionDate "2010.01.05"]
[SourceQuality "1"]

1. f4 d5 2. d4 Nf6 3. Nf3 e6 4. e3 c5 5. c3 a6 6. Bd3 Nc6 7. 0-0 c4 8. Bc2 g6 9. Nbd2 Bg7 10. Ne5 Ne7 11. Qf3 Nd7 12. Qh3 Nxe5 13. fxe5 0-0 14. Nf3 f6 15. Qg3 fxe5 16. Nxe5 Nf5 17. Bxf5 exf5 18. Nf3 Qe7 19. Nd2 Re8 20. Re1 Bf6 21. Qf3 Be6 22. Nf1 Kg7 23. g3 h5 24. Bd2 Bf7 25. h4 Qd7 26. b3 b5 27. Bc1 Rac8 28. b4 Re4 29. Nd2 Rg4 30. Kf2 Re8 31. Nf1 Re7 32. Nh2 Rge4 33. Nf1 Be8 34. Nd2 Rg4 35. Nf1 Qe6 36. Nh2 Re4 37. Nf1 Bd7 38. Nd2 Rg4 39. Nf1 f4 40. Bd2 fxg3+ 41. Nxg3 Bxh4 42. Rg1 Rf7 43. Be1 Rxf3+ 44. Kxf3 Bxg3 45. Bxg3 Qe4+ 46. Kf2 Qc2+ 47. Kf3 Bf5 48. Be5+ Kf7 49. Rxg4 Bxg4+ 50. Kg3 Qxc3 51. Rf1+ Bf5 0-1

[Event "Mediterranean op 3rd"]
[Site "Rijeka"]
[Date "2009.11.30"]
[Round "4"]
[White "Sercer, Zoran"]
[Black "Medancic, Rikard"]
[Result "0-1"]
[WhiteElo "2116"]
[BlackElo "2251"]
[PlyCount "90"]
[EventDate "2009.11.27"]
[EventType "swiss"]
[EventRounds "9"]
[EventCountry "CRO"]
[SourceTitle "CBM 133 Extra"]
[Source "ChessBase"]
[SourceDate "2010.01.05"]
[SourceVersion "1"]
[SourceVersionDate "2010.01.05"]
[SourceQuality "1"]

1. e4 d5 2. exd5 Qxd5 3. Nc3 Qd6 4. d4 Nf6 5. Nf3 Bg4 6. Be3 c6 7. Be2 Nbd7 8. h3 Bh5 9. Qd2 e6 10. 0-0 Be7 11. Bf4 Qb4 12. a3 Qb6 13. g4 Bg6 14. b4 Qd8 15. Bg3 Ne4 16. Nxe4 Bxe4 17. c3 0-0 18. Qe3 Bg6 19. Rfd1 h6 20. Bd3 Bxd3 21. Qxd3 a5 22. Qe2 Nf6 23. Ne5 axb4 24. axb4 Qd5 25. f3 Qb3 26. Be1 Rfd8 27. Rdb1 Qd5 28. Nc4 Qb5 29. Kf1 Nd5 30. Ne5 Qxe2+ 31. Kxe2 Nf4+ 32. Kf2 Bh4+ 33. Ke3 Ng2+ 34. Ke2 Bxe1 35. Rxe1 Nxe1 36. Rxe1 Ra2+ 37. Ke3 Rda8 38. b5 cxb5 39. Rb1 R8a5 40. h4 g6 41. Nd7 R5a3 42. Rxb5 Rxc3+ 43. Kf4 Ra4 44. Rxb7 Rxd4+ 45. Ke5 Rxd7 0-1

[Event "Mediterranean op 3rd"]
[Site "Rijeka"]
[Date "2009.11.29"]
[Round "3"]
[White "Lakic, Gojko"]
[Black "Sercer, Zoran"]
[Result "0-1"]
[WhiteElo "1880"]
[BlackElo "2116"]
[PlyCount "92"]
[EventDate "2009.11.27"]
[EventType "swiss"]
[EventRounds "9"]
[EventCountry "CRO"]
[SourceTitle "CBM 133 Extra"]
[Source "ChessBase"]
[SourceDate "2010.01.05"]
[SourceVersion "1"]
[SourceVersionDate "2010.01.05"]
[SourceQuality "1"]

1. e4 c6 2. d4 d5 3. exd5 cxd5 4. Nf3 Nc6 5. Bb5 a6 6. Bxc6+ bxc6 7. c3 Nf6 8. Nbd2 e6 9. Ne5 Qc7 10. 0-0 Bd6 11. f4 c5 12. Re1 0-0 13. Ndf3 Ne4 14. g3 f6 15. Nd3 c4 16. Nf2 f5 17. Ne5 Bd7 18. Qf3 Rf6 19. Nh3 Raf8 20. Kg2 Be8 21. Nf2 Rh6 22. Nxe4 fxe4 23. Qf2 Bxe5 24. dxe5 Bh5 25. Qd4 Bf3+ 26. Kg1 Rh3 27. b4 h5 28. Qf2 h4 29. gxh4 Qf7 30. Re3 Qxf4 31. Rxf3 Qxf3 32. Qxf3 Rhxf3 33. Bg5 Rxc3 34. a4 e3 35. b5 axb5 36. axb5 e2 37. Be7 Rf1+ 38. Rxf1 exf1Q+ 39. Kxf1 Rb3 40. Ke2 Rb2+ 41. Ke3 Rxh2 42. Kd4 Rd2+ 43. Kc3 Rd3+ 44. Kb4 Kf7 45. Bd6 Rb3+ 46. Ka5 Rh3 0-1

[Event "CRO-chT3"]
[Site "Rijeka/Pula"]
[Date "2009.04.26"]
[Round "6"]
[White "Sercer, Zoran"]
[Black "Zelenika, Srdjan"]
[Result "0-1"]
[WhiteElo "2134"]
[BlackElo "2284"]
[PlyCount "158"]
[EventDate "2009.04.04"]
[EventType "team-tourn"]
[EventRounds "9"]
[EventCountry "CRO"]
[SourceTitle "EXT 2011"]
[Source "ChessBase"]
[SourceDate "2010.11.26"]
[SourceVersion "1"]
[SourceVersionDate "2010.11.26"]
[SourceQuality "1"]

1. e4 c5 2. c3 d5 3. exd5 Qxd5 4. d4 Nf6 5. Nf3 Bg4 6. Be2 e6 7. 0-0 cxd4 8. cxd4 Nc6 9. Nc3 Qd8 10. Be3 Bb4 11. h3 Bh5 12. a3 Ba5 13. Nd2 Bxe2 14. Nxe2 0-0 15. Nc4 Bc7 16. Rc1 Nd5 17. Qd2 b5 18. Ne5 Nxe5 19. dxe5 Bxe5 20. Bd4 Bxd4 21. Nxd4 a6 22. Rcd1 Qb6 23. Qg5 Rfd8 24. Nf3 Rac8 25. Rd2 h6 26. Qg3 Qc7 27. Qxc7 Rxc7 28. Rfd1 Rdc8 29. Nd4 g6 30. g3 Kf8 31. Kf1 Ke7 32. Ke2 Rc1 33. h4 h5 34. f4 Rxd1 35. Rxd1 Rc4 36. Kd3 Kd6 37. Re1 Rc7 38. Nb3 Ne7 39. Nd2 Nf5 40. Ne4+ Ke7 41. a4 bxa4 42. Ra1 Rb7 43. Rxa4 Nxg3 44. Nxg3 Rb3+ 45. Kc2 Rxg3 46. Rxa6 Rg4 47. b4 Rxf4 48. Kc3 Kd7 49. b5 Kc7 50. Rc6+ Kb7 51. Rd6 Rxh4 52. Rd7+ Kb6 53. Rxf7 Kxb5 54. Rf6 Rg4 55. Rxe6 Kc5 56. Kd3 Kd5 57. Re8 Rg5 58. Ra8 Ke5 59. Ke3 Rg3+ 60. Kf2 Rd3 61. Kg2 g5 62. Ra5+ Rd5 63. Ra4 Rd4 64. Ra8 Kf4 65. Ra3 g4 66. Rb3 Rd2+ 67. Kg1 Kg5 68. Rc3 Kh4 69. Rb3 g3 70. Rc3 Kh3 71. Rc1 h4 72. Rb1 Rd4 73. Rc1 Kg4 74. Rb1 h3 75. Rc1 Rd3 76. Rb1 Kf3 77. Re1 Rd2 78. Rf1+ Ke2 79. Rc1 Rd1+ 0-1